Indiana supplement to Street law, a course in practical law / (Record no. 43067)
[ view plain ]
| 000 -LEADER | |
|---|---|
| fixed length control field | 00614nam a2200205 i 4500 |
| 001 - CONTROL NUMBER | |
| control field | 396722 |
| 005 - DATE AND TIME OF LATEST TRANSACTION | |
| control field | 20180221080737.0 |
| 008 - FIXED-LENGTH DATA ELEMENTS--GENERAL INFORMATION | |
| fixed length control field | 800226s1979 inua 000 0 eng |
| 010 ## - LIBRARY OF CONGRESS CONTROL NUMBER | |
| LC control number | 79123028 |
| 040 ## - CATALOGING SOURCE | |
| Original cataloging agency | DLC |
| Transcribing agency | DLC |
| Modifying agency | DLC |
| 041 ## - LANGUAGE CODE | |
| Language code of text/sound track or separate title | eng |
| 043 ## - GEOGRAPHIC AREA CODE | |
| Geographic area code | n-us-in |
| 080 ## - UNIVERSAL DECIMAL CLASSIFICATION NUMBER | |
| Universal Decimal Classification number | 349.7720712 ARB |
| 082 00 - DEWEY DECIMAL CLASSIFICATION NUMBER | |
| Classification number | 349.7720712 ARB |
| 100 1# - Rafti | |
| Rafti | 14 |
| 101 ## - Shkurtesa | |
| Shkurtesa | JUR |
| 245 10 - TITLE STATEMENT | |
| Title | Indiana supplement to Street law, a course in practical law / |
| Statement of responsibility, etc | developed by Charles F. Crutchfield, in conjunction with the National Street Law Institute. |
| 906 ## - LOCAL DATA ELEMENT F, LDF (RLIN) | |
| a | 7 |
| b | cbc |
| c | orignew |
| d | 2 |
| e | ncip |
| f | 19 |
| g | y-gencatlg |
| 942 ## - ADDED ENTRY ELEMENTS (KOHA) | |
| Source of classification or shelving scheme | |
| Item type | Books |
| Withdrawn status | Lost status | Source of classification or shelving scheme | Damaged status | Not for loan | Collection code | Permanent location | Current location | Shelving location | Date acquired | Total Checkouts | Full call number | Barcode | Date last seen | Price effective from | Koha item type |
|---|---|---|---|---|---|---|---|---|---|---|---|---|---|---|---|
| Koleksioni i përgjithshem | UBT - Lipjan | UBT - Lipjan | Koleksioni i përgjithshem | 02/21/2018 | 349.7720712 ARB | 002-2999463 | 02/21/2018 | 02/21/2018 | Books | ||||||
| Koleksioni i përgjithshem | UBT - Lipjan | UBT - Lipjan | Koleksioni i përgjithshem | 02/21/2018 | 349.7720712 ARB | 002-2999468 | 02/21/2018 | 02/21/2018 | Books | ||||||
| Koleksioni i përgjithshem | UBT - Lipjan | UBT - Lipjan | Koleksioni i përgjithshem | 02/21/2018 | 349.7720712 ARB | 002-2999473 | 02/21/2018 | 02/21/2018 | Books | ||||||
| Koleksioni i përgjithshem | UBT - Lipjan | UBT - Lipjan | Koleksioni i përgjithshem | 02/21/2018 | 349.7720712 ARB | 002-2999457 | 02/21/2018 | 02/21/2018 | Books | ||||||
| Koleksioni i përgjithshem | UBT - Lipjan | UBT - Lipjan | Koleksioni i përgjithshem | 02/21/2018 | 349.7720712 ARB | 002-2999462 | 02/21/2018 | 02/21/2018 | Books | ||||||
| Koleksioni i përgjithshem | UBT - Lipjan | UBT - Lipjan | Koleksioni i përgjithshem | 02/21/2018 | 349.7720712 ARB | 002-2999467 | 02/21/2018 | 02/21/2018 | Books | ||||||
| Koleksioni i përgjithshem | UBT - Lipjan | UBT - Lipjan | Koleksioni i përgjithshem | 02/21/2018 | 349.7720712 ARB | 002-2999472 | 02/21/2018 | 02/21/2018 | Books | ||||||
| Koleksioni i përgjithshem | UBT - Lipjan | UBT - Lipjan | Koleksioni i përgjithshem | 02/21/2018 | 349.7720712 ARB | 002-2999477 | 02/21/2018 | 02/21/2018 | Books | ||||||
| Koleksioni i lëndeve mesimore | UBT - Lipjan | UBT - Lipjan | Koleksioni i përgjithshem | 02/21/2018 | 349.7720712 ARB | 002-2999474 | 02/21/2018 | 02/21/2018 | Books |